00421nam a2200109Ia 4500008004100000050002500041100003100066245008400097260008600181300002800267521001600295140724s9999 xx 000 0 und d aHD 30.28b.C235 2013 aCaoile, Ana Rose Althea A. aR & Rice :ba business plan implementation report /cAna Rose Althea A. Caoile. aLas Piñas, Philippines :bSouthville International School and Colleges,cc2013. a23 p. :bill. ;c28 cm. aEntrepeneur